From now till eternity : (Record no. 1902)

MARC details
000 -LEADER
fixed length control field 00654nam a2200229 i 4500
001 - CONTROL NUMBER
control field 2234072
003 - CONTROL NUMBER IDENTIFIER
control field GBCCL
005 - DATE AND TIME OF LATEST TRANSACTION
control field 20241126110412.0
008 - FIXED-LENGTH DATA ELEMENTS--GENERAL INFORMATION
fixed length control field 761124s1976 ncua 000 0 eng
010 ## -
-- 76021571
020 ## - INTERNATIONAL STANDARD BOOK NUMBER
Terms of availability $7.95
040 ## - CATALOGING SOURCE
Original cataloging agency DLC
Transcribing agency DLC
Modifying agency DLC
050 00 -
-- BS647.2
-- .C7
082 00 - DEWEY DECIMAL CLASSIFICATION NUMBER
Classification number 236
Item number CRI
100 1# - MAIN ENTRY--PERSONAL NAME
Personal name Cribb, C. C.
9 (RLIN) 3960
245 10 - TITLE STATEMENT
Title From now till eternity :
Remainder of title the sequence of prophetic events /
Statement of responsibility, etc. C. C. Cribb.
260 ## - PUBLICATION, DISTRIBUTION, ETC.
Place of publication, distribution, etc. Raleigh, N.C. :
Name of publisher, distributor, etc. Manhattan,
Date of publication, distribution, etc. c1976.
300 ## - PHYSICAL DESCRIPTION
Extent x, 422 p. :
Other physical details ill. ;
Dimensions 22 cm.
630 #0 - SUBJECT ADDED ENTRY--UNIFORM TITLE
Uniform title Bible
General subdivision Prophecies.
9 (RLIN) 457
906 ## - LOCAL DATA ELEMENT F, LDF (RLIN)
a 7
b cbc
c orignew
d 2
e ocip
f 19
g y-gencatlg
942 ## - ADDED ENTRY ELEMENTS (KOHA)
Source of classification or shelving scheme Dewey Decimal Classification
Koha item type Books
Koha issues (borrowed), all copies 5
Holdings
Withdrawn status Lost status Source of classification or shelving scheme Damaged status Not for loan Home library Current Library Shelving location Date acquired Total checkouts Full call number Barcode Date last seen Date last checked out Copy number Price effective from Koha item type
    Dewey Decimal Classification     GRACE BIBLE COLLEGE GRACE BIBLE COLLEGE Theology 2017-06-01 6 236 CRI 004841 2026-03-04 2026-02-26 c.1 2017-06-01 Books
© Grace Bible College Library 2025